Central Library OPAC University of Rajshahi

Fine arts / (Record no. 657)

MARC details
000 -LEADER
fixed length control field 00637nam a22002417a 4500
001 - CONTROL NUMBER
control field 657
003 - CONTROL NUMBER IDENTIFIER
rucl marc code BD-RjUL
005 - DATE AND TIME OF LATEST TRANSACTION
control field 20211208233220.0
008 - FIXED-LENGTH DATA ELEMENTS--GENERAL INFORMATION
fixed length control field 131123s1966 euk 001 0 eng d
035 ## - SYSTEM CONTROL NUMBER
System control number (BD-RjUL)677
040 ## - CATALOGING SOURCE
Original cataloging agency BD-RjUL
Language of cataloging eng
Transcribing agency BD-RjUL
Modifying agency BD-RjUL
041 ## - LANGUAGE CODE
Language code of text/sound track or separate title eng
082 04 - DEWEY DECIMAL CLASSIFICATION NUMBER
Edition number 23
Classification number 016.7
Author mark and year DOF 1966
100 1# - MAIN ENTRY--PERSONAL NAME
Personal name Dove, Jack
9 (RLIN) 1983
245 1# - TITLE STATEMENT
Title Fine arts /
Statement of responsibility, etc. Jack Dove
260 ## - PUBLICATION, DISTRIBUTION, ETC. (IMPRINT)
Place of publication, distribution, etc. London :
Name of publisher, distributor, etc. Bingley ,
Date of publication, distribution, etc. c1966.
300 ## - PHYSICAL DESCRIPTION
Pagination 88 p. ;
Size 22 cm.
490 ## - SERIES STATEMENT
Series statement The Readers guide series
504 ## - BIBLIOGRAPHY, ETC. NOTE
Bibliography, etc Includes indexs.
650 #0 - SUBJECT ADDED ENTRY--TOPICAL TERM
Topical term or geographic name as entry element Art
Form subdivision Bibliography
9 (RLIN) 1984
830 ## - SERIES ADDED ENTRY--UNIFORM TITLE
Uniform title The Readers guide series
942 ## - ADDED ENTRY ELEMENTS (KOHA)
Source of classification or shelving scheme Dewey Decimal Classification
Koha item type Reference
Holdings
Lost status Source of classification or shelving scheme Damaged status Not for loan Collection code Permanent Location Current Location Shelving location Date acquired Source of acquisition Cost, normal purchase price Total Checkouts Full call number Date last seen Copy number Koha item type
  Dewey Decimal Classification   Not For Loan Reference Central Library, University of Rajshahi Central Library, University of Rajshahi   27/12/1969 Zeitliger 0.16   R 016.7 DOF 1966 23/11/2013 C-1 Reference
  Dewey Decimal Classification   Not For Loan Reference Central Library, University of Rajshahi Central Library, University of Rajshahi   27/12/1969 Zeitlinger 0.16   R 016.7 DOF 1966 23/11/2013 C-2 Reference